Star Wars Quiz #5 - Statistiken

Allgemein
  • Dieses Quiz wurde 1.848 mal gespielt
    1.845 seit der letzten Aktualisierung
  • Das Durchschnittsergebnis liegt bei 7 aus 10
Antwortstatistiken
Frage Antwort % Korrekt
Wer war laut der Jedi-Prophezeiung der Auserwählte? Anakin Skywalker
97%
Von welchem Planeten war Padmé Amidala Königen? Naboo
97%
Wie hieß die Jedimeisterin die von der gleichen Spezies wie Yoda kommt? Yaddle
88%
Wer tötete Snoke? Kylo Ren
82%
In was wurde Rey in „Das erwachen der Macht“ bezahlt? Rationen
81%
Wie hieß eins der meist gefürchtetsten Raumschiffe zur Zeit der „Klonekriege“ Malevolence
76%
Wie viele Komunikationsformen spricht C-3PO fließend? Über 6 mio
70%
Als was trat der Schauspieler von Jar Jar Binks noch auf? Als ein Jedi
53%
Welches familiäres Verhältnis hat Anakin Skywalker zu Owen Lars? Stiefbruder
53%
Was war die Hauptwaffe von dem Mandalorianer vor dem Dunkelschwert? Beskar-Speer
34%
Keine übereinstimmenden Quizze gefunden
Verteilung der Resultate
Anzahl Personen mit jedem Resultat
Perzentil nach korrekt beantworteten Fragen
Ihre Resultats-Entwicklung
Sie haben dieses Quiz seit der letzten Aktualisierung nicht gespielt